000 00896nas a2200229 i 4500
005 20260121101545.0
008 251229d19972005ua fu|j| |||| 00| 0 ara d
040 _aEG-GICUC
_cEG-GICUC
_dEG-GICUC
_erda
082 0 4 _a343
_221
245 0 0 _aمجلة مركز بحوث الشرطة.
_nالعدد الثالث والثلاثون - يناير 2008 /
264 0 1 _aالقاهرة :
_bمركز بحوث الشرطة-أكاديمية الشرطة،
_c2008 -
300 _aمجلد ؛
_c26 سم.
336 _2rda content
_aText
337 _2rda media
_aunmediated
338 _2rda carrier
_avolume
362 0 _a.
500 _aمجلة دورية علمية تعنى بالأبحاث الأمنية والقانونية.
650 0 4 _aالقانون الجنائي
_vدوريات
856 _uhttps://fll.law.cu.edu.eg/fulltext/cr/S10-00504.pdf
905 _aNourhan Saeed
942 _2ddc
_cCR
_n0
999 _c52996
_d52996